Bài giảng đánh giá kết quả học tập toán và khoa học tự nhiên : Dành cho sinh viên Sư phạm Sinh học
Bài giảng giới thiệu kế hoạch dạy học sinh vật và các hình thức tổ chức dạy học sinh vật.
Đã lưu trong:
| Príomhúdar: | |
|---|---|
| Formáid: | Leabhar |
| Teanga: | Undetermined |
| Foilsithe: |
Cần Thơ
Trường Đại học Cần Thơ
2020
|
| Ábhair: | |
| Clibeanna: |
Cuir Clib Leis
Gan Chlibeanna, Bí ar an gcéad duine leis an taifead seo a chlibeáil!
|
| Thư viện lưu trữ: | Trung tâm Học liệu Trường Đại học Cần Thơ |
|---|
| LEADER | 01015nam a2200253Ia 4500 | ||
|---|---|---|---|
| 001 | CTU_239207 | ||
| 008 | 210402s9999 xx 000 0 und d | ||
| 082 | |a 510.7 | ||
| 082 | |b Ph561 | ||
| 100 | |a Võ, Thị Thanh Phương | ||
| 245 | 0 | |a Bài giảng đánh giá kết quả học tập toán và khoa học tự nhiên : | |
| 245 | 0 | |b Dành cho sinh viên Sư phạm Sinh học | |
| 245 | 0 | |c Võ Thị Thanh Phương (Biên soạn) | |
| 260 | |a Cần Thơ | ||
| 260 | |b Trường Đại học Cần Thơ | ||
| 260 | |c 2020 | ||
| 520 | |a Bài giảng giới thiệu kế hoạch dạy học sinh vật và các hình thức tổ chức dạy học sinh vật. | ||
| 526 | |a Đánh giá kết quả học tập Toán và Khoa học tự nhiên | ||
| 526 | |b SG422 | ||
| 650 | |a Biology | ||
| 650 | |x Study and teaching | ||
| 904 | |i Thùy Trang (sửa) | ||
| 910 | |a Tuyến | ||
| 980 | |a Trung tâm Học liệu Trường Đại học Cần Thơ | ||